| 000 | 00718nam a2200253Ia 4500 | ||
|---|---|---|---|
| 008 | 180523s9999 xx 000 0 und d | ||
| 020 | _a81-7992-065-8 | ||
| 050 | _aMAIN HD 58.8 | ||
| 050 | _b.E87 2003 | ||
| 100 | _aEsque, Timm J. | ||
| 245 | 0 | _aMaking an impact : | |
| 245 | 0 | _bbuilding a top-performing organization from the bottom up / | |
| 245 | 0 | _cTimm J. Esque. | |
| 260 | _aMumbai : | ||
| 260 | _bJaico Publishing, | ||
| 260 | _c2003 | ||
| 300 | _a121 pages : | ||
| 300 | _billustrations ; | ||
| 300 | _c25 cm. | ||
| 500 | _aIncludes bibliographical references and index. | ||
| 650 | _aOrganizational change. | ||
| 650 | _aPersonnel management. | ||
| 650 | _xOranizational effectiveness. | ||
| 999 |
_c356924 _d356924 |
||